LEADER 01407nam a2200301 i 4500 001 000000161776 003 CaOOAMICUS 005 20240718160220.0 008 080124s1969 it u000 u ita u 013 $a139139 040 $aSeMil$bita 110 2 $aUnione giuristi cattolici italiani .$0(OLS)http://semarc/name/1988 245 10$aIndissolubilità del matrimonio e referendum popolare :$bdichiarazione e relazioni del 20. Convegno nazionale di studio /$cUnione giuristi cattolici italiani. 260 $aRoma :$bGiuffrè,$c1969. 300 $a75 p. ;$c24 cm. 490 0 $aQuaderni di iustitia ;$v21 500 $aFondo Card. Giovanni Colombo. 650 4$aMatrimonio canonico.$0(OLS)http://semarc/subject/3039 650 4$aMatrimonio - Diritto.$0(OLS)http://semarc/subject/276 650 4$aDivorzio - Italia - Referendum <1974>.$0(OLS)http://semarc/subject/10307 830 0$aQuaderni di iustitia ;$v21.$0(OLS)http://semarc/title/25093 850 $aSeMil 852 $aSeMil$W1$xVenegono$y1$m3L IV 199$j113153$B113153$CSeMilBibl$Z2$F133453 $81 941 1 $a3 961 $aLascito: Colombo Card. Giovanni 996 $6245$aIndissolubilità del matrimonio e referendum popolare :$bdichiarazione e relazioni del 20. Convegno nazionale di studio$9(OLS)http://semarc/title/145073 996 $6260$aRoma :$bGiuffrè$9(OLS)http://semarc/publisher/35008 LEADER 01272nam a2200229 i 4500 001 000000226941 003 CaOOAMICUS 005 20140205000000.0 008 140205s2011 vc u000 u mul u 013 $a205843 040 $aSeMil$bita 245 10$aCompendium vitae, virtutum ac miraculorum necnon actorum in Causa Canonizationis Beati Ioannis Baptistae Piamarta, Sacerdotis fundatoris Congregationum S. Familiae a Nazareth et Humilium Domini Servarum, 1841-1913. 260 $aRomae :$bIn Typographia Guerra,$c2011. 300 $a14 p. ;$c27 cm. 500 $aIn calce al front. : E tabulario Sacrae Congregationis pro Causis Sanctorum. - Fondo card. C. M. Martini. 650 4$aPiamarta, Giovanni <1841-1913>.$0(OLS)http://semarc/subject/9391 850 $aSeMil 852 $aSeMil$W1$xVenegono$y1$m6W I 69/1$j177287$B177287$CSeMilBibl$Z2$F189320 $8I 941 1 $a4 961 $aLascito: Martini Card. Carlo Maria 996 $6245$aCompendium vitae, virtutum ac miraculorum necnon actorum in Causa Canonizationis Beati Ioannis Baptistae Piamarta, Sacerdotis fundatoris Congregationum S. Familiae a Nazareth et Humilium Domini Servarum, 1841-1913$9(OLS)http://semarc/title/409706 996 $6260$aRomae :$bIn Typographia Guerra$9(OLS)http://semarc/publisher/45635